Visualizzazione normale
Vista MARC
- Wilkin M.
di Personal Name
Records bibliografici associati: 1
001 - CONTROL NUMBER
- control field: 1202
003 - CONTROL NUMBER IDENTIFIER
- control field: IT-RoPau
005 - DATE AND TIME OF LATEST TRANSACTION
- control field: 20131107162529.0
008 - FIXED-LENGTH DATA ELEMENTS
- fixed length control field: 131107|| aca||aabn | a|a d
040 ## - CATALOGING SOURCE
- Original cataloging agency: IT-RoPau
- Transcribing agency: IT-RoPau
100 ## - HEADING--PERSONAL NAME
- Personal name: Wilkin M.
- Miscellaneous information: Codice autore musica SPICS: 24505
- Relator term: Autore musica
- Name of part/section of a work: Long Black Veil
670 ## - SOURCE DATA FOUND
- Source citation: Work cat.: (IT-RoPau)102490: AA.VV. 794, Music From Big Pink (The)-2 Lp 3C 154 50195